000 00226 a2200109 4500
001 44121
040 _cAnchieta - Aquarius
240 1 0 _ao menino maluquinho
_l
245 1 0 _ao menino maluquinho
650 4 _aMúsica
942 _cMU
999 _c44121
_d44121